000 00960nam a22002417a 4500
999 _c64339
_d64339
005 20240530110726.0
008 180422s2016 ua a b 000 0dara d
017 _a2016/3653
_bمصر. دار الكتب
020 _a9789779037790
040 _aEG-CaGPL
_cEG-CaGPL
082 0 4 _221
_a373.19 \
_bس د
100 0 _aسعاد خميس عزالدين
245 1 0 _aدمج التعددية الثقافية فى مناهج التاريخ بالمرحلة الثانوية لتعزيز الهوية الوطنية :
_bرؤية مستقبلية /
_cسعاد خميس عزالدين .
250 _aط.1
260 _aالقاهرة :
_bالمؤلف ،
_c2016 .
300 _a440 ص. ؛
_c24 سم.
650 0 7 _2qrmak
_aتعدد الثقافات
650 0 7 _2qrmak
_aالوطنية
650 0 7 _2qrmak
_aالتاريخ
_xمناهج
_xالتعليم الثانوى
651 _2qrmak
942 _2ddc
_cBK